MARC details
| 000 -CABECERA |
| campo de control de longitud fija |
00971nam a2200241 a 4500 |
| 005 - FECHA Y HORA DE LA ÚLTIMA TRANSACCIÓN |
| campo de control |
20210223131031.0 |
| 008 - ELEMENTOS DE LONGITUD FIJA--INFORMACIÓN GENERAL |
| campo de control de longitud fija |
090630s2005 mx r 000 0 spa d |
| 020 ## - NÚMERO INTERNACIONAL NORMALIZADO PARA LIBROS |
| Número Internacional Estándar del Libro |
9685208352 |
| 035 ## - NÚMERO DE CONTROL DEL SISTEMA |
| Número de control de sistema |
UPN01000171542 |
| 049 ## - COLECCIÓN |
| Colección |
CE |
| 050 #4 - SIGNATURA TOPOGRÁFICA DE LA BIBLIOTECA DEL CONGRESO |
| Número de clasificación |
NE546 M3.6 |
| Número de documento/Ítem |
M6.6 |
| 100 1# - ASIENTO PRINCIPAL--NOMBRE PERSONAL |
| Nombre de persona |
Manilla, Manuel, |
| Fechas asociadas al nombre |
1830-1890? |
| 245 10 - MENCIÓN DE TÍTULO |
| Título |
Monografía de 598 estampas de Manuel Manilla grabador mexicano = |
| Resto del título |
Monograph of 598 prints by Manuel Manilla mexican engraver / |
| Mención de responsabilidad, etc. |
Manuel Manilla ; [comp.] Mercurio López Casillas ; texto introductorio de Jean Charlot. |
| 260 ## - PUBLICACIÓN, DISTRIBUCIÓN, ETC. |
| Lugar de publicación, distribución, etc. |
México : |
| Nombre del editor, distribuidor, etc. |
RM, |
| Fecha de publicación, distribución, etc. |
2005. |
| 300 ## - DESCRIPCIÓN FÍSICA |
| Extensión |
207 p. : |
| Otras características físicas |
principalmente il. (algunas col.) |
| 500 ## - NOTA GENERAL |
| Nota general |
Texto en español e inglés |
| 600 14 - ASIENTO SECUNDARIO DE MATERIA - NOMBRE PERSONAL |
| Nombre de persona |
MANILLA, MANUEL, |
| Fechas asociadas al nombre |
1830-1890? |
| 600 14 - ASIENTO SECUNDARIO DE MATERIA - NOMBRE PERSONAL |
| Nombre de persona |
MANILLA, MANUEL, |
| Fechas asociadas al nombre |
1830-1890? - |
| Subdivisión de forma |
CATALOGOS |
| 9 (RLIN) |
24704 |
| 650 14 - ASIENTO SECUNDARIO DE MATERIA - TERMINO TEMATICO |
| Término de materia o nombre geográfico como elemento de entrada |
GRABADORES MEXICANOS |
| 9 (RLIN) |
5580 |
| 700 1# - ASIENTO SECUNDARIO--NOMBRE DE PERSONAL |
| Nombre de persona |
López Casillas, Mercurio, |
| Término indicativo de función/relación |
comp. |
| 740 0# - ASIENTO SECUNDARIO - TÍTULOS RELACIONADOS /ANALITICOS NO CONTROLADOS |
| Título relacionado o analítico no controlado |
Monograph of 598 prints by Manuel Manilla, mexican engraver |
| 905 ## - TIPO DE MATERIAL |
| Tipo de material |
Libro |